| 000 | 00493pab a2200181 454500 | ||
|---|---|---|---|
| 008 | 180718b1996 xxu||||| |||| 00| 0 eng d | ||
| 100 | _aWaslekar, Sundeep | ||
| 245 | _aChanging Western perceptions of Kashmir | ||
| 260 | _c1996 | ||
| 300 | _ap.15-16 | ||
| 362 | _a5 Oct | ||
| 650 | _aElections - India - Jammu and Kashmir | ||
| 650 | _aElections | ||
| 650 | _aJammu and Kashmir - Politics and government | ||
| 650 | _aPolitics and government | ||
| 773 | _aMainstream | ||
| 909 | _a32060 | ||
| 999 |
_c32060 _d32060 |
||